00378nam a22001217a 450000500170000002000250001708200060004224500200004826000390006827000840010730000370019149000280022820120118124854.0 a9788179638422c48.00 aS aThe frog prince aMumbai :bShree Book Centre,c200? a8, Kakad Industrial Estate, S Keer Road, Matunga WestbMumbaie400016k24377516 aUnpagingbill (col)c28 cm (Pbk) aLarge print easy reader